000 01206nam a2200229Ia 4500
001 L760-29480
003 IT-CnALBA
008 170116s9999||||xx |||||||||||||| ||und||
040 _aIT-CnALBA
_cIT-CnALBA
041 _aITALIANO
100 _aTRONCONI CARLO
245 0 _aTEORIA E PRATICA DI COMPOSIZIONE TIPOGRAFICA.
250 _a1a ed.
260 _a BRESCIA, MILANO
_bPAVONIANA TIPOLITOGR.
_c1969 [1° Ed.:1969 - Ed.Ling.Originale: 1969]
300 _a523 p.
500 _aPREFAZIONE DI PESCHIRA G. E DEGLI AUTORI. EVOLUZIONE STORICA DELLA STAMPA. TAVOLA DEGLI ALFABETI. STORIA. TIPOGRAFIA. METRICA TIPOGRAFICA. CARATTERE. CASSA. ESERCIZI DI COMPOSIZIONE. LE INIZIALI. ESTETICA GRAFICA. FILETTI. STAMPATI PER COMMERCIO. IL LIBRO
501 _aSocietà San Paolo EM - Piazza San Paolo, 14 - 12051 ALBA (CN) (non commercial uses only) ® Copyright 2017
520 _aPREFAZIONE DI PESCHIRA G. E DEGLI AUTORI. EVOLUZIONE STORICA DELLA STAMPA. TAVOLA DEGLI ALFABETI. STORIA. TIPOGRAFIA. METRICA TIPOGRAFICA. CARATTERE. CASSA. ESERCIZI DI COMPOSIZIONE. LE INIZIALI. ESTETICA GRAFICA. FILETTI. STAMPATI PER COMMERCIO. IL LIBRO
650 _aARTI GRAFICHE
942 _cBK
957 _71
999 _a34249
_bNO
_g Copie: 1
_c288400
_d288400